000 00446cam a22001457a 4500
008 180718b1985 xxu||||| |||| 00| 0 eng d
082 _aLx54 T737p
100 _aTripathy, Ram Niranjan
245 _aPublic finance and economic development in India
_cby Ram Niranjan Tripathy and M. Tripathy
260 _aDelhi
_bMittal
_c1985
300 _a326p.
650 _aEconomic development
650 _aFinance, Public - India
700 _aTripathy, M.
999 _c355694
_d355694